Normas reguladoras del catastro / Esperanza Polo Martín, José Luis Zúñiga Molleda
ISBN:
84-87059-23-6
Publicado:
Madrid :
Ministerio de Economía y Hacienda, Centro de Gestión Catastral y Cooperación Tributaria ,
1990
Descripción Física:
391 p. ; 21 cm
Otros Autores:
Zúñiga Molleda, José Luis
MARC
| LEADER | 00000nam a2200000Ia 4500 | ||
|---|---|---|---|
| 001 | 9867 | ||
| 008 | 160829s1990 xx 000 0 cat d | ||
| 020 | |a 84-87059-23-6 | ||
| 080 | |a M-3-150 | ||
| 100 | |a Polo Martín, Esperanza |9 38499 | ||
| 245 | |a Normas reguladoras del catastro / Esperanza Polo Martín, José Luis Zúñiga Molleda | ||
| 260 | |a Madrid : |b Ministerio de Economía y Hacienda, Centro de Gestión Catastral y Cooperación Tributaria, |c 1990 | ||
| 300 | |a 391 p. ; |c 21 cm | ||
| 650 | |a Cadastres de finques |x Normes |9 38500 | ||
| 650 | |a Cadastres de finques |x Dret i legislació |x Espanya |9 27519 | ||
| 700 | |a Zúñiga Molleda, José Luis |9 38501 | ||
| 901 | |a Arxiu | ||
| 942 | |n 1 | ||
| 952 | |0 0 |1 0 |4 0 |6 M3150 |7 1 |9 48444 |a Arxiu |b Arxiu |d 2016-12-01 |l 0 |o M-3-150 |p 9867 |r 2016-12-01 00:00:00 |w 2016-12-01 |y ARXIU | ||
| 999 | |c 52273 |d 52273 | ||